[Event "Tbilisi Champions Cup"]
[Site "Tbilisi"]
[Date "2023.10.15"]
[Round "3"]
[White "Toidze, Tengiz"]
[Black "Gabadadze, Gabriel"]
[Result "1/2-1/2"]
[WhiteElo "1878"]
[BlackElo "1910"]
[PlyCount "118"]
[EventDate "2023.10.13"]
[EventType "swiss"]
[EventRounds "9"]
[EventCountry "GEO"]
[SourceTitle "Mega2024 Update 01"]
[Source "Chessbase"]
[SourceDate "2023.11.12"]
[SourceVersion "1"]
[SourceVersionDate "2023.11.12"]
[SourceQuality "1"]

1. Nf3 c5 2. e3 e6 3. b3 a6 4. Bb2 Nc6 5. c4 Nf6 6. Be2 d5 7. cxd5 exd5 8. d4 cxd4 9. Nxd4 Bb4+ 10. Bc3 Qa5 11. Bxb4 Qxb4+ 12. Qd2 Nxd4 13. exd4 Qxd2+ 14. Nxd2 Bf5 15. 0-0 Rc8 16. Rac1 Ke7 17. f3 a5 18. Kf2 Kd6 19. Bb5 Rxc1 20. Rxc1 Rc8 21. Rxc8 Bxc8 22. g4 h6 23. a3 b6 24. Nf1 g6 25. Ne3 Be6 26. Kg3 Bc8 27. h4 Be6 28. Bd3 Bc8 29. Bb5 Be6 30. Ng2 g5 31. Bd3 Ng8 32. f4 f6 33. Ne1 gxh4+ 34. Kxh4 Bf7 35. Nc2 Ne7 36. Ne3 Be8 37. Ng2 Bf7 38. Ne3 Be8 39. Nf1 Bf7 40. Ng3 Be8 41. a4 Bf7 42. Nf5+ Nxf5+ 43. Bxf5 Ke7 44. Bd3 Kd6 45. Bh7 Ke7 46. Bd3 Kd6 47. Kg3 Ke7 48. Bh7 Kf8 49. Kh4 Ke7 50. Bf5 Kf8 51. Bc8 Ke7 52. Ba6 Kf8 53. f5 Ke7 54. Bc8 Kd6 55. Be6 Bxe6 56. fxe6 Kxe6 57. Kh5 f5 58. g5 hxg5 59. Kxg5 f4 1/2-1/2

[Event "Tbilisi Champions Cup"]
[Site "Tbilisi"]
[Date "2023.10.13"]
[Round "1"]
[White "Toidze, Tengiz"]
[Black "Kekelidze, Mikheil"]
[Result "1/2-1/2"]
[WhiteElo "1878"]
[BlackElo "2332"]
[PlyCount "142"]
[EventDate "2023.10.13"]
[EventType "swiss"]
[EventRounds "9"]
[EventCountry "GEO"]
[SourceTitle "Mega2024 Update 01"]
[Source "Chessbase"]
[SourceDate "2023.11.12"]
[SourceVersion "1"]
[SourceVersionDate "2023.11.12"]
[SourceQuality "1"]

1. e4 c5 2. Nf3 e6 3. d4 cxd4 4. Nxd4 a6 5. Bd3 Bc5 6. Nb3 Be7 7. 0-0 d6 8. Nc3 Nf6 9. Be3 b5 10. a3 Bb7 11. f4 Nbd7 12. Qe2 Rc8 13. g4 h6 14. Rad1 g5 15. e5 dxe5 16. fxe5 Nd5 17. Nxd5 Bxd5 18. Bd4 Bxb3 19. cxb3 Bc5 20. Bb1 Qc7 21. Qf2 Nxe5 22. Qf6 Rf8 23. Rfe1 Bxd4+ 24. Rxd4 Qc5 25. Qxe5 Qxe5 26. Rxe5 Rc1+ 27. Kg2 Rxb1 28. Re2 Ke7 29. Red2 Rc1 30. Rd6 Rfc8 31. Rxa6 R1c2 32. Rad6 Rxb2 33. Rxe6+ fxe6 34. Rxb2 Rc3 35. a4 bxa4 36. bxa4 Rc4 37. h3 Rxa4 38. Rb7+ Kf6 39. Rh7 Kg6 40. Re7 Re4 41. Kf3 Re1 42. Kf2 Re5 43. Kf3 h5 44. gxh5+ Kxh5 45. Rh7+ Kg6 46. Rh8 Ra5 47. Ke4 Ra1 48. Kf3 Ra4 49. Re8 Kf7 50. Rh8 Rf4+ 51. Kg3 e5 52. Ra8 e4 53. Ra5 Kg6 54. Ra6+ Rf6 55. Ra5 Rf1 56. Re5 Rf3+ 57. Kg2 Rf4 58. Kg3 Kf6 59. Re8 Rh4 60. Kg2 Kf5 61. Kg3 Rh6 62. Rf8+ Rf6 63. Re8 Re6 64. Rf8+ Kg6 65. Rg8+ Kh7 66. Rf8 e3 67. Rf1 Kg6 68. h4 e2 69. Re1 gxh4+ 70. Kxh4 Kf5 71. Kg3 Ke5 1/2-1/2

[Event "Poti op 16th"]
[Site "Poti"]
[Date "2023.07.18"]
[Round "7"]
[White "Toidze, Tengiz"]
[Black "Yeritsyan, Hayk"]
[Result "0-1"]
[WhiteElo "1837"]
[BlackElo "2181"]
[PlyCount "96"]
[EventDate "2023.07.12"]
[EventType "swiss"]
[EventRounds "9"]
[EventCountry "GEO"]
[SourceTitle "EXT 2024"]
[Source "ChessBase"]
[SourceDate "2023.10.10"]
[SourceVersion "1"]
[SourceVersionDate "2023.10.10"]
[SourceQuality "1"]

1. e4 c5 2. Nf3 Nc6 3. d4 cxd4 4. Nxd4 e5 5. Nb5 d6 6. c4 g6 7. N1c3 a6 8. Na3 Be6 9. Nc2 Nf6 10. f3 Bg7 11. Be3 0-0 12. Qd2 Rc8 13. Rd1 Nh5 14. Qd3 d5 15. Qxd5 Nd4 16. Qxd8 Rfxd8 17. Bxd4 exd4 18. Nd5 Bxd5 19. exd5 d3 20. Bxd3 Bxb2 21. g3 b5 22. cxb5 axb5 23. Ne3 Re8 24. Kf2 Bd4 25. Rhe1 Nf6 26. Bxb5 Rc2+ 27. Kf1 Rxe3 28. Rxd4 Rxf3+ 29. Kg1 Rff2 30. Bf1 Rxa2 31. d6 Rfd2 32. Rd1 Rxd1 33. Rxd1 Ra8 34. Bb5 Rd8 35. Kg2 Ne4 36. d7 Kf8 37. Bc6 Nf6 38. Bb5 Ne4 39. Bc6 Nc5 40. Rd5 Ne6 41. Kf3 Ke7 42. Rd2 Rb8 43. Ke4 Rb4+ 44. Kd5 h5 45. Ke5 h4 46. gxh4 Rxh4 47. Kd5 Rb4 48. Rf2 Nf4+ 0-1

[Event "EU-ch Schools U13"]
[Site "Tornelo INT"]
[Date "2021.12.03"]
[Round "2"]
[White "Toidze, Tengiz"]
[Black "Anghel, Teodor Andrei"]
[Result "1-0"]
[WhiteElo "1307"]
[BlackElo "1508"]
[PlyCount "103"]
[EventDate "2021.12.03"]
[EventType "swiss (rapid)"]
[EventRounds "7"]
[EventCountry "NET"]
[SourceTitle "EXT 2023"]
[Source "ChessBase"]
[SourceDate "2022.10.05"]
[SourceVersion "1"]
[SourceVersionDate "2022.10.05"]
[SourceQuality "1"]

1. e4 c5 2. Nf3 Nc6 3. d4 cxd4 4. Nxd4 Nf6 5. Nc3 e5 6. Ndb5 d6 7. Bg5 a6 8. Na3 Be7 9. Bxf6 Bxf6 10. Nd5 Bg5 11. Nc4 b5 12. Nce3 0-0 13. Bd3 Be6 14. c3 Ne7 15. Bc2 Nxd5 16. Nxd5 f5 17. exf5 Bxf5 18. Bxf5 Rxf5 19. 0-0 Bf4 20. g3 Bg5 21. Qg4 Rf8 22. Rad1 h6 23. h4 Bf6 24. Rd2 Qc8 25. Qe4 Rb8 26. Rfd1 Qe6 27. Ne3 Rfd8 28. Nf5 Rb6 29. Rd5 Rd7 30. Qg4 Kf7 31. h5 Bg5 32. f4 exf4 33. gxf4 Bf6 34. Qg6+ Kf8 35. Kf2 Rd8 36. Qg4 Re8 37. Qf3 Rd8 38. Qe3 Qxe3+ 39. Kxe3 Be7 40. Nd4 Kf7 41. Nf5 Rc6 42. Kf3 Rb6 43. Kg4 Rc6 44. Nxe7 Kxe7 45. Re1+ Kf7 46. Rf5+ Kg8 47. Re7 Rf8 48. Rd7 Rb6 49. Rxf8+ Kxf8 50. Kf5 Rc6 51. Ke6 Rc4 52. Rd8# 1-0